000 00785cam a2200265 a 4500
001 000008447
005 20240529124642.0
008 910322s2000 mx 000 f spa d
020 _a970051224X
035 _a(DLC) 91888382
040 _aDO-SdBNP
_bpor
_cDLC
_dBNPHU
041 1 7 _aspa
_hpor
_2Código de idioma MARC
082 _aB869.42
_bC672b
100 1 _aCoelho, Paulo,
_d1947-
_913649
240 1 0 _aBrida.
_lEspañol
245 1 0 _aBrida :
_bel don que cada uno lleva dentro /
_cPaulo Coelho.
260 _aMéxico :
_bGrijalbo,
_c2000.
300 _a263 p. ;
_c23 cm.
534 _aTítulo original en portugués:
_tBrida
650 0 _aNovela brasileña
_913650
650 4 _aLiteratura brasileña
_9823
910 _aCatalogación derivada
910 _aWM
049 _aBNGR
999 _c8218
_d8218